Carregant...

Study of industrial law

Dades bibliogràfiques
Autor principal: Kotharis , G M
Idioma:English
Publicat: New Delhi Wadhwa and company 2000
Edició:5th ed.
Matèries:
LEADER 00389nam a22001577a 4500
003 OSt
008 100119t xxu||||| |||| 00| 0 eng d
080 |a 349.2  |b KOT '00 
100 |a Kotharis , G M   |9 9817 
245 |a Study of industrial law  
250 |a 5th ed.  
260 |a New Delhi  |b Wadhwa and company  |c 2000 
300 |a 926p. 
653 |a Industrial law  
942 |c BK  |6 _ 
999 |c 125282  |d 125282